<?xml version="1.0" encoding="UTF-8"?>
<record
    xmlns:xsi="http://www.w3.org/2001/XMLSchema-instance"
    xsi:schemaLocation="http://www.loc.gov/MARC21/slim http://www.loc.gov/standards/marcxml/schema/MARC21slim.xsd"
    xmlns="http://www.loc.gov/MARC21/slim">

  <leader>00577    a2200205   4500</leader>
  <controlfield tag="001">57063</controlfield>
  <controlfield tag="005">20250813155225.0</controlfield>
  <datafield tag="020" ind1=" " ind2=" ">
    <subfield code="a">9786289568943</subfield>
  </datafield>
  <datafield tag="084" ind1=" " ind2=" ">
    <subfield code="a">P</subfield>
  </datafield>
  <datafield tag="100" ind1="1" ind2="3">
    <subfield code="a">Tessaro, Gek</subfield>
    <subfield code="9">59368</subfield>
  </datafield>
  <datafield tag="245" ind1="1" ind2="0">
    <subfield code="a">Antes estaban los dinosaurios</subfield>
  </datafield>
  <datafield tag="250" ind1=" " ind2=" ">
    <subfield code="a">Edicin&#x324; especial</subfield>
  </datafield>
  <datafield tag="264" ind1=" " ind2="1">
    <subfield code="a">Medelln&#x315;, Colombia</subfield>
    <subfield code="b">AS ediciones</subfield>
    <subfield code="c">2023</subfield>
  </datafield>
  <datafield tag="300" ind1=" " ind2=" ">
    <subfield code="a">Ilustraciones a color</subfield>
  </datafield>
  <datafield tag="490" ind1="0" ind2=" ">
    <subfield code="a">Plan Nacional de Lectura, Escritura y Oralidad</subfield>
  </datafield>
  <datafield tag="653" ind1="1" ind2="7">
    <subfield code="a">Poesa&#x315; infantil italiana</subfield>
  </datafield>
  <datafield tag="653" ind1="1" ind2="7">
    <subfield code="a">Literatura infantil italiana</subfield>
  </datafield>
  <datafield tag="653" ind1="1" ind2="7">
    <subfield code="a">Dinosaurios en la literatura</subfield>
  </datafield>
  <datafield tag="942" ind1=" " ind2=" ">
    <subfield code="c">BKINF</subfield>
  </datafield>
  <datafield tag="999" ind1=" " ind2=" ">
    <subfield code="c">57063</subfield>
    <subfield code="d">57063</subfield>
  </datafield>
  <datafield tag="952" ind1=" " ind2=" ">
    <subfield code="1">0</subfield>
    <subfield code="2">ddc</subfield>
    <subfield code="4">0</subfield>
    <subfield code="6">P_TES1</subfield>
    <subfield code="7">0</subfield>
    <subfield code="9">115543</subfield>
    <subfield code="a">MECLANUE</subfield>
    <subfield code="b">MECLANUE</subfield>
    <subfield code="c">SInf</subfield>
    <subfield code="d">2025-03-20</subfield>
    <subfield code="l">0</subfield>
    <subfield code="o">P TES1</subfield>
    <subfield code="p">CLN00181</subfield>
    <subfield code="r">2025-03-20 08:55:18</subfield>
    <subfield code="t">Ej.1</subfield>
    <subfield code="w">2025-03-20</subfield>
    <subfield code="y">BKINF</subfield>
  </datafield>
</record>
